Liedtext - Aber bitte mit Sahne - Udo Jürgens - Statistiken

Allgemein
  • Dieses Quiz wurde 199 mal gespielt
  • Das Durchschnittsergebnis liegt bei 157 aus 246
Antwortstatistiken
Textquiz % Korrekt
Aber
97%
aber
97%
bitte
97%
mit
97%
Mit
97%
Sahne
97%
Sie
91%
sie
91%
der
87%
Der
87%
in
83%
nach
83%
oh
81%
sich
81%
um
81%
Und
81%
und
81%
viertel
79%
drei
78%
Konditorei
77%
täglich
76%
treffen
75%
im
73%
Am
72%
am
72%
das
71%
den
71%
Eck
67%
Kirsch
65%
yeah
65%
ein
64%
es
63%
auf
59%
Auf
59%
Kuchenbuffet
59%
Banane
57%
zum
57%
Stammtisch
54%
Bei
53%
Liliane
53%
Noch
53%
noch
53%
Schwarzwälder
53%
sein
53%
ihr
52%
denn
51%
Die
51%
mehr
51%
vor
51%
nichts
50%
Bienenstich
49%
geht
49%
Nur
49%
Ananas
48%
muss
48%
vom
48%
bahne
47%
dann
47%
Himmel
47%
rein
47%
Sturm
46%
Dass
45%
Kaffee
45%
war
45%
Weg
45%
Herrgott
44%
auch
43%
Doch
43%
doch
43%
schmatzen
42%
blasen
41%
hat
41%
Marie
41%
Ordnung
41%
Stuhl
41%
vorbei
41%
Worte
41%
zur
40%
Ende
39%
fast
39%
Tod
38%
holen
37%
Mohrenkopf
37%
Pfarrer
37%
prusten
36%
Buttercremetorte
35%
kippte
35%
pusten
35%
schließlich
35%
dem
34%
jeder
34%
Lied
34%
Marzipantorte
34%
begrub
33%
geahnt
33%
höchstens
33%
Oder
33%
rührenden
33%
Sahne-Baiser
33%
Worten
33%
abgesahnt
32%
Fahne
32%
Ottilie
32%
Baiser
31%
kleines
31%
Torten
31%
wohl
31%
keine
30%
Sacher-
30%
als
29%
Mathilde
29%
Tässchen
29%
reihum
28%
Früchteeis
27%
letzte
25%
Linzer
24%
schwatzen
24%
dort
23%
Keks
23%
getreu
22%
Hielt
21%
verzuckerte
21%
fanden
20%
Sarg
20%
Schmerz
20%
vielleicht
20%
Hinterbliebenen
19%
Kränzen
17%
statt
17%
gab's
15%
soll's
15%
hm
5%
Keine übereinstimmenden Quizze gefunden
Verteilung der Resultate
Anzahl Personen mit jedem Resultat
Perzentil nach korrekt beantworteten Fragen
Ihre Resultats-Entwicklung
Sie haben dieses Quiz noch nicht gespielt